| 000 | 004450000a22001690004500 | ||
|---|---|---|---|
| 003 | MACL | ||
| 005 | 20160110131705.0 | ||
| 008 | 160110b xxu||||| |||| 00| 0 eng d | ||
| 040 |
_aMACL _cMACL |
||
| 041 | _aEnglish | ||
| 082 | _a737/HEN | ||
| 100 |
_aHenfrey, Henry William _930890 |
||
| 245 | _aA Guide to the study of English Coins | ||
| 260 |
_bGeorge Bell and Sons _c1891 _aLondon |
||
| 650 |
_aSculpture _97273 |
||
| 942 |
_cBK _k737/HEN _2ddc |
||
| 999 |
_c37033 _d37033 |
||